<?xml version="1.0" encoding="UTF-8"?>
<record
    xmlns:xsi="http://www.w3.org/2001/XMLSchema-instance"
    xsi:schemaLocation="http://www.loc.gov/MARC21/slim http://www.loc.gov/standards/marcxml/schema/MARC21slim.xsd"
    xmlns="http://www.loc.gov/MARC21/slim">

  <leader>02121    a2200205   4500</leader>
  <controlfield tag="001">41342</controlfield>
  <controlfield tag="005">20260407155707.0</controlfield>
  <controlfield tag="008">260407a2017    arg                 spa d</controlfield>
  <controlfield tag="003">AR-UNSa-BCEJYS</controlfield>
  <datafield tag="040" ind1=" " ind2=" ">
    <subfield code="a">AR-UNSa-BCEJYS</subfield>
    <subfield code="b">spa</subfield>
    <subfield code="c">AR-UNSa-BCEJYS</subfield>
  </datafield>
  <datafield tag="080" ind1=" " ind2=" ">
    <subfield code="a">336.22</subfield>
    <subfield code="x">Impuestos</subfield>
  </datafield>
  <datafield tag="245" ind1="1" ind2="0">
    <subfield code="a">Blanqueo y moratoria</subfield>
    <subfield code="p">suplemento doctrina</subfield>
  </datafield>
  <datafield tag="264" ind1=" " ind2="1">
    <subfield code="a">Buenos Aires :</subfield>
    <subfield code="b">Errepar</subfield>
    <subfield code="c">2017</subfield>
  </datafield>
  <datafield tag="300" ind1=" " ind2=" ">
    <subfield code="a">181 p.</subfield>
    <subfield code="c">21 cm.</subfield>
  </datafield>
  <datafield tag="505" ind1=" " ind2=" ">
    <subfield code="a">I. Acerca del sinceramiento fiscal: 1. El nuevo r&#xE9;gimen de sinceramiento fiscal de la ley 27260 / Hugo E. Kaplan, Mario Volman y Fabi&#xE1;n P. Gra&#xF1;a - 2. Algunas cuestiones en torno a la nueva ley de sinceramiento fiscal / Gustavo F. Wendy - II. Otros aspectos sobre el sinceramiento fiscal: 1. Los alcances del secreto fiscal en torno a la nueva ley de sinceramiento fiscal / Agustina O'Donnel - 2. El sinceramiento fiscal en empresas multinacionales / Jorge Gebhardt y Rub&#xE9;n H. Malvitano - III. Aspectos pr&#xE1;cticos del sinceramiento fiscal: 1. Transferencia de bienes registrados a nombre de terceros / Enrique M. Skiarski y Oscar D. Cesaretti - 2. Un llamado de atenci&#xF3;n sobre algunos requisitos imprescindibles para mantener los beneficios de la ley 27260 / Mario J. Rapisarda - IV. Consecuencias contables y societarias del sinceramientoi fiscal: 1. El sinceramiento fiscal. Posibles efectos en la contabilidad y la auditor&#xED;a de estados financieros / Ana Mar&#xED;a C&#xF3;ccaro - 2. Sinceramiento fiscal y de estados financieros. Posibles consecuencias contables y societarias de la disminuci&#xF3;n del activo de una sociedad / Gustavo S&#xED;maro y Valeria Torchelli - V. Aspectos penales de la ley 27260: 1. Algunas consideraciones respecto a los aspectos penales / Esteban D. Semachowicz y Alejandro Pampliega - VI. Acerca de la moratoria y la regularizaci&#xF3;n de obligaciones: 1. R&#xE9;gimen excepcional de regularizaci&#xF3;n de obligaciones tributarias, de la seguridad social y aduaneras -moratoria- / Ra&#xFA;l A. De Soto</subfield>
  </datafield>
  <datafield tag="041" ind1=" " ind2=" ">
    <subfield code="a">spa</subfield>
  </datafield>
  <datafield tag="942" ind1=" " ind2=" ">
    <subfield code="c">BK</subfield>
  </datafield>
  <datafield tag="590" ind1=" " ind2=" ">
    <subfield code="a">niveau_biblio:m niveau_hierar:0</subfield>
  </datafield>
  <datafield tag="856" ind1="4" ind2="1">
    <subfield code="u">https://biblioeco.unsa.edu.ar/pmb/images/libros/E00041.jpg</subfield>
    <subfield code="y">Imagen de portada</subfield>
    <subfield code="q">image/jpeg</subfield>
  </datafield>
  <datafield tag="999" ind1=" " ind2=" ">
    <subfield code="c">3476</subfield>
    <subfield code="d">3476</subfield>
  </datafield>
  <datafield tag="952" ind1=" " ind2=" ">
    <subfield code="0">0</subfield>
    <subfield code="1">0</subfield>
    <subfield code="4">0</subfield>
    <subfield code="7">0</subfield>
    <subfield code="a">BCEJYS</subfield>
    <subfield code="b">BCEJYS</subfield>
    <subfield code="c">16</subfield>
    <subfield code="d">2026-04-07</subfield>
    <subfield code="l">0</subfield>
    <subfield code="o">E336.22 B643d/ER</subfield>
    <subfield code="p">E00041</subfield>
    <subfield code="r">2026-04-07 15:57:07</subfield>
    <subfield code="w">2026-04-07</subfield>
    <subfield code="y">L</subfield>
  </datafield>
</record>
